000 01286nam a22002777a 4500
003 OSt
005 20250416075641.0
008 250416b |||a|||| |||| 00| 0 spa d
020 _a9589693393
020 _a9588223199 (Tomo 1)
020 _a9588223202 (Tomo 2)
020 _a9588223210 (Tomo 3)
037 _bDonación
040 _aCO-JMCR
_cCO-JMCR
_bspa
_dCO-JMCR
_erda
041 0 _aspa
082 0 4 _a362.986
_bB64d
_223
110 1 _aBogotá (Colombia).
_bAlcaldía Mayor.
_bDepartamento Administrativo De Bienestar Social.
_943864
245 1 3 _aEl DABS y los caminos a la inclusión social /
_cDepartamento Administrativo de Bienestar Social ; redacción y compilación María Cristina Hurtado Sáenz ... [et al.] ; fotografías Juan José Carrillo ... [et al.].
250 _aCoordinación editorial Mariana Schmidt Q.
260 _aBogotá :
_bDepartamento Administrativo de Bienestar Social,
_c2003.
300 _a3 volúmenes :
_bilustraciones ;
_c28 cm.
505 0 _av.1 Balance del Plan estratégico 2001-2003. -- v.2 Balance de la gestión de los proyectos 2001-2003. -- v.3 Balance de la gestión de las localidades 2001-2003.
700 1 _aSchmidt Q. Mariana,
_eeditora,
_944117
700 1 _aCarrillo, Juan José,
_efotógrafo,
_944118
942 _2ddc
_cBK
999 _c30967
_d17351